000 01240cam a22003614i 4500
999 _c64404
_d64404
001 12503722
003 CO-MdFUSB
005 20190202100503.0
008 010815t2002 enk g b 001 0 eng
010 _a 2001046577
020 _a0300092113 (cloth : alk. paper)
020 _a0281054940
040 _aDLC
_cCO-MdFUSB
_dCO-MdFUSB
_bspa
_erda
041 _aeng
042 _apcc
082 0 0 _224
_aG 236
_bP769g
100 1 _aPolkinghorne, J. C.,
_d1930-
_eautor
245 0 4 _aThe God of hope and the end of the world
_c/ John Polkinghorne.
264 1 _aLondon, England :
_bSPCK,
_c℗2002
264 4 _c©2002
300 _axxv, 154 páginas ;
_c22 cm.
336 _2rdacontent
_atexto
_btxt
337 _2rdamedia
_asin mediación
_bn
338 _2rdacarrier
_avolumen
_bnc
501 _aIncluye índice (páginas 151- 154)
505 _aI. Prólogo científico y cultural -- II. Recursos Bíblicos -- III. Enfoques teológicos
650 7 _aEscatología
_2
_9213
906 _a7
_bcbc
_corignew
_d1
_eocip
_f20
_gy-gencatlg
942 _cBK